000 00615nam a2200193 a 4500
001 000047761
005 20201002060724.0
008 150130s2018 dr ac 000 0 spa d
020 _a9789945124873
040 _aDO-SdBNP
_bspa
_cBNPHU
082 _axxxx
_bxxxx
100 1 _aEspín Grullón, Rafael Antonio
_974941
245 1 0 _aMatemática 5 :
_bsecundaria /
_cRafael Antonio Espín Grullón.
260 _aSanto Domingo :
_bSusaeta,
_c2018.
300 _av. :
_bil., retrs. ;
_c29 cm.
500 _aEnfoque por competencias nuevo currículo
504 _aBibliografía : p. 288
590 _aInventariado, 2018/LP
999 _c47249
_d47249